| 000 | 01004nas a2200325 4500 | ||
|---|---|---|---|
| 001 | BR2011000552 | ||
| 003 | BR-BrBNA | ||
| 005 | 20231205115326.0 | ||
| 007 | ta | ||
| 008 | 230509b bl.|||p| |||| 00| 00por d | ||
| 040 |
_aBR-BrBNA _bpor _cBiblioteca Nacional de Agricultura |
||
| 041 | _a(Pt) | ||
| 072 | _aQ03 | ||
| 100 | 1 | _aCardozo, G.M.B.Q. | |
| 100 | 1 | _aBarbieri, M.K. | |
| 100 | 1 | _aMoreno, I. | |
| 100 | 1 | _aDender, A.G.F. van | |
| 100 | 1 | _aTrento, F.K.H. de S. | |
| 100 | 1 | _aKuaye, A.Y. | |
| 245 | 1 | _aMusca domestica L. como vetor de microrganismos patogênicos para queijo Minas Frescal ultrafiltrado | |
| 650 | _aQUEIJO DE MINAS | ||
| 650 | _aANÁLISE MICROBIOLÓGICA | ||
| 650 | _aMOSCA | ||
| 650 | _aVETOR | ||
| 650 | _aCONTAMINAÇÃO | ||
| 650 | _aTRANSMISSÃO DE DOENÇA | ||
| 773 | 0 |
_tBrazilian Journal of Food Technology (Brazil) _xISSN 1519-0900 _g(Apr-Jun 2009), v. 12(2) p. 85-91 _wBR2011000552 |
|
| 909 |
_a202311 _bLúcia _c55 _dLúcia Elande |
||
| 942 |
_2AGRIS _n0 _cANA |
||
| 999 |
_c213229 _d213229 |
||